Central Library, Doon University
WEBOPAC (ONLINE PUBLIC ACCESS CATALOGUE)

Trees of Dehradun (Record no. 60884)

MARC details
000 -LEADER
fixed length control field 00494nam a22001817a 4500
005 - DATE & TIME
control field 20260523164454.0
008 - FIXED-LENGTH DATA ELEMENTS--GENERAL INFORMATION
fixed length control field 260523b |||||||| |||| 00| 0 eng d
020 ## - ISBN
International Standard Book Number 9789360287740
Price 2450.00
040 ## - CATALOGING SOURCE
Original cataloging agency Doon University
041 ## - Language
Language English
082 ## - DDC NUMBER
Classification number 582.095496
Book Number NAI
100 ## - MAIN ENTRY--PERSONAL NAME
Personal name Naithani, H.B.
245 ## - TITLE STATEMENT
Title Trees of Dehradun
260 ## - PUBLICATION, DISTRIBUTION, ETC. (IMPRINT)
Place of publication, distribution, etc Dehradun
Name of publisher, distributor, etc Bishan Singh Mahindra Pal Singh
Date of publication, distribution, etc 2026
300 ## - PHYSICAL DESCRIPTION
Pages 572
650 ## - Subject
Subject Uttarakhand Collection : Himalaya Collection
942 ## - ADDED ENTRY ELEMENTS (KOHA)
Koha item type Books
100 ## - MAIN ENTRY--PERSONAL NAME
-- 26911
650 ## - Subject
-- 13
952 ## - LOCATION AND ITEM INFORMATION (KOHA)
-- 2026-05-23
Holdings
Withdrawn status Lost status Source of classification or shelving scheme Damaged status Not for loan Location (home branch) Sublocation or collection (holding branch) Date acquired Koha full call number Accession No. Koha date last seen Koha item type
          Doon University Doon University 23.05.2026 582.095496 NAI 53972 23.05.2026 Books
Contact : +91-135-2533126 (Library),+91-135-2533105 (Admin Office) , Email : doonlibrary@gmail.com

Powered by Koha